|
|
|
|
| LEADER |
00000nab a2200000 ar4500 |
| 001 |
vtls009470400 |
| 003 |
SK-MaSNL |
| 005 |
20260303054038.0 |
| 008 |
090209c19740426xo |r|p|||||||000 b|slo |
| 015 |
|
|
|a SNBRB1974
|
| 038 |
|
|
|a SNKBUCL
|
| 040 |
|
|
|a SNKBUCL
|b slo
|c SNKBUCL
|e AACR2
|
| 041 |
|
|
|a slo
|
| 044 |
|
|
|a xo
|c SK
|
| 080 |
|
|
|a 791.44.077.079
|2 1997
|
| 100 |
1 |
|
|a Deliová, E.
|4 aut
|9 943687
|
| 245 |
1 |
0 |
|a Dobrá organizácia, vzostupná tendencia
|c E. Deliová
|
| 611 |
2 |
7 |
|a Krajská prehliadka amatérskeho filmu
|d (1974 :
|c Prešov, Slovensko)
|2 SNK
|9 1047451
|
| 650 |
0 |
7 |
|a amatérsky film
|2 SNKPH
|9 74939
|
| 651 |
|
7 |
|a Prešov (Slovensko)
|2 SNKPHgeo
|9 17347
|
| 773 |
0 |
|
|t Večer
|g (26.4.1974), s. 2
|
| 852 |
|
|
|a SNK
|b KIS3GCP
|
| 958 |
|
|
|a SK
|
| 999 |
|
|
|c 1721749
|d 1723679
|